<?xml version="1.0" encoding="UTF-8"?>
<record
    xmlns:xsi="http://www.w3.org/2001/XMLSchema-instance"
    xsi:schemaLocation="http://www.loc.gov/MARC21/slim http://www.loc.gov/standards/marcxml/schema/MARC21slim.xsd"
    xmlns="http://www.loc.gov/MARC21/slim">

  <leader>01987nam a22002297a 4500</leader>
  <controlfield tag="003">St Aloysius Coll</controlfield>
  <controlfield tag="005">20250911105612.0</controlfield>
  <controlfield tag="008">250911b        |||||||| |||| 00| 0 eng d</controlfield>
  <datafield tag="020" ind1=" " ind2=" ">
    <subfield code="a">9788126918270</subfield>
  </datafield>
  <datafield tag="040" ind1=" " ind2=" ">
    <subfield code="c">AL</subfield>
  </datafield>
  <datafield tag="041" ind1=" " ind2=" ">
    <subfield code="a">English</subfield>
  </datafield>
  <datafield tag="082" ind1=" " ind2=" ">
    <subfield code="a">301.01</subfield>
    <subfield code="b">SINC</subfield>
  </datafield>
  <datafield tag="100" ind1=" " ind2=" ">
    <subfield code="a">Sinha M P</subfield>
    <subfield code="9">238551</subfield>
  </datafield>
  <datafield tag="245" ind1=" " ind2=" ">
    <subfield code="a">Critical theories</subfield>
    <subfield code="b">: Indian and western</subfield>
  </datafield>
  <datafield tag="260" ind1=" " ind2=" ">
    <subfield code="a">New Delhi</subfield>
    <subfield code="b">Atlantic Publishers</subfield>
    <subfield code="c">2013</subfield>
  </datafield>
  <datafield tag="300" ind1=" " ind2=" ">
    <subfield code="a">xii,272p.</subfield>
    <subfield code="b">HB</subfield>
    <subfield code="c">22.5x15cm</subfield>
  </datafield>
  <datafield tag="365" ind1=" " ind2=" ">
    <subfield code="2">General</subfield>
    <subfield code="a">3065</subfield>
    <subfield code="b">&#x20B9;636.00</subfield>
    <subfield code="c">&#x20B9;</subfield>
    <subfield code="d">&#x20B9;795.00</subfield>
    <subfield code="e">20%</subfield>
    <subfield code="f">22/08/2025</subfield>
  </datafield>
  <datafield tag="520" ind1=" " ind2=" ">
    <subfield code="a">Critical theories: Indian and Western presents a reasonably comprehensive account of the basic concepts in Indian and Western literary criticism. The aim of the book is to acquaint the students of M.A. (English literature) with the latest critical theories in the West and their practical application in the analysis and Interpretation of texts. The following authors and critical theories have been discussed: 1. Indian poetics: Bharat, dandin, bhamaha, Vamana, anandavardhana, Abhinavagupta and Karnataka. 2. Greek and Latin criticism: Aristotle, Horace and longinus. 3. Neo-classical criticism: Sidney, Dryden, Pope and Johnson. 4. Nineteenth century criticism: Wordsworth, Coleridge, Shelley and Arnold. 5. Modern British and American criticism: Eliot, Richards, leavis, formalism and Chicago criticism. 6. Contemporary criticism: psycho-analytic criticism, myth criticism, Russian formalism, structuralism/ Post-Structuralism, rezeption-aesthetic, post-colonial theory and feminist criticism. An important aspect of this book is that Sanskrit or Indian poetics has been discussed for the benefit of the students of English literature and so, references to and comparison with Western theories are frequently made. It will be useful for the students and teachers of English literature and researchers in this field.</subfield>
  </datafield>
  <datafield tag="650" ind1=" " ind2=" ">
    <subfield code="2">Philosophy and Theory</subfield>
    <subfield code="a">Sociology</subfield>
    <subfield code="9">238552</subfield>
  </datafield>
  <datafield tag="700" ind1=" " ind2=" ">
    <subfield code="a">Agnihotri, Neeraj</subfield>
    <subfield code="9">238553</subfield>
  </datafield>
  <datafield tag="942" ind1=" " ind2=" ">
    <subfield code="2">ddc</subfield>
    <subfield code="c">BK</subfield>
  </datafield>
  <datafield tag="999" ind1=" " ind2=" ">
    <subfield code="c">240431</subfield>
    <subfield code="d">240431</subfield>
  </datafield>
  <datafield tag="952" ind1=" " ind2=" ">
    <subfield code="0">0</subfield>
    <subfield code="1">0</subfield>
    <subfield code="2">ddc</subfield>
    <subfield code="4">0</subfield>
    <subfield code="7">0</subfield>
    <subfield code="8">MAJMC</subfield>
    <subfield code="a">SACPG</subfield>
    <subfield code="b">SACPG</subfield>
    <subfield code="d">2025-09-10</subfield>
    <subfield code="e">Biblios Book Point</subfield>
    <subfield code="g">636.00</subfield>
    <subfield code="l">0</subfield>
    <subfield code="o">301.01 SINC</subfield>
    <subfield code="p">PG025097</subfield>
    <subfield code="r">2025-09-11 10:58:01</subfield>
    <subfield code="v">795.00</subfield>
    <subfield code="w">0000-00-00</subfield>
    <subfield code="y">BK</subfield>
  </datafield>
  <datafield tag="952" ind1=" " ind2=" ">
    <subfield code="0">0</subfield>
    <subfield code="1">0</subfield>
    <subfield code="2">ddc</subfield>
    <subfield code="4">0</subfield>
    <subfield code="7">0</subfield>
    <subfield code="8">MAJMC</subfield>
    <subfield code="a">SACPG</subfield>
    <subfield code="b">SACPG</subfield>
    <subfield code="d">2025-09-10</subfield>
    <subfield code="e">Biblios Book Point</subfield>
    <subfield code="g">636.00</subfield>
    <subfield code="l">0</subfield>
    <subfield code="o">301.01 SINC</subfield>
    <subfield code="p">PG025098</subfield>
    <subfield code="r">2025-09-11 10:58:01</subfield>
    <subfield code="v">795.00</subfield>
    <subfield code="w">0000-00-00</subfield>
    <subfield code="y">BK</subfield>
  </datafield>
  <datafield tag="952" ind1=" " ind2=" ">
    <subfield code="0">0</subfield>
    <subfield code="1">0</subfield>
    <subfield code="2">ddc</subfield>
    <subfield code="4">0</subfield>
    <subfield code="7">0</subfield>
    <subfield code="8">MAJMC</subfield>
    <subfield code="a">SACPG</subfield>
    <subfield code="b">SACPG</subfield>
    <subfield code="d">2025-09-10</subfield>
    <subfield code="e">Biblios Book Point</subfield>
    <subfield code="g">636.00</subfield>
    <subfield code="l">0</subfield>
    <subfield code="o">301.01 SINC</subfield>
    <subfield code="p">PG025099</subfield>
    <subfield code="r">2025-09-11 10:58:01</subfield>
    <subfield code="v">795.00</subfield>
    <subfield code="w">0000-00-00</subfield>
    <subfield code="y">BK</subfield>
  </datafield>
</record>
